| 000 | 01107nam1a22002771i 4500 | ||
|---|---|---|---|
| 001 | v19\rc\1239276 | ||
| 005 | 20241225181932.0 | ||
| 035 | _a(NLR Aleph) 004397572 | ||
| 090 |
_a3834923 _c3834923 |
||
| 100 | _a20060306g18851887|||y0rusy50 ca | ||
| 101 | 0 | _arus | |
| 102 | _aRU | ||
| 105 | _ay z ||||| | ||
| 200 | 1 | _aКраткий отчет деятельности Липецкой бальнеологической станции... | |
| 210 |
_aЛипецк _d1885-1887 |
||
| 215 | _d30 | ||
| 300 | _aЗагл. изд. 1887 г.: Липецкая бальнеологическая станция... | ||
| 309 | _aБез тит. л. и обл. | ||
| 517 | 0 | _aЛипецкая бальнеологическая станция... | |
| 702 | 1 |
_4220 _7ca _8rus _aСоболев _bИ. П. _cдиректор-врач _f1839- _gИван Петрович _9242539 _3RU\NLR\AUTH\770242595 |
|
| 710 | 0 | 2 | _aЛипецкая бальнеологическая станция |
| 801 | 0 |
_aRU _bNLR _gpsbo |
|
| 801 | 1 |
_aRU _bProSoft-M _2rusmarc |
|
| 852 |
_aNLR _jШифры разные |
||
| 942 | _cBOOK | ||